ბათუმის შოთა რუსთაველის სახელმწიფო უნივერსიტეტის ბიბლიოთეკა

ოლიმპიზმი (ბიბ.ჩანაწერი № 51383)

000 -LEADER
fixed length control field 00712nam a2200217Ia 4500
001 - CONTROL NUMBER
control field 18367
003 - CONTROL NUMBER IDENTIFIER
control field GE_BSU
008 - FIXED-LENGTH DATA ELEMENTS--GENERAL INFORMATION
fixed length control field 181216s||||||||xx |||||||||||||| ||und||
040 ## - CATALOGING SOURCE
Transcribing agency GE_BSU
080 ## - UNIVERSAL DECIMAL CLASSIFICATION NUMBER
Universal Decimal Classification number 796.032(075.3)
100 ## - MAIN ENTRY--PERSONAL NAME
Personal name ციბაძე,ავთ. კინწურაშვილი, დ.
245 ## - TITLE STATEMENT
Title ოლიმპიზმი
245 ## - TITLE STATEMENT
Remainder of title დამხმარე პოპულარული სახ-ლო მოსწავლე ახალგაზრდობისათვის
260 ## - PUBLICATION, DISTRIBUTION, ETC.
Place of publication, distribution, etc. თბილისი
260 ## - PUBLICATION, DISTRIBUTION, ETC.
Name of publisher, distributor, etc. ლეგა
260 ## - PUBLICATION, DISTRIBUTION, ETC.
Date of publication, distribution, etc. 1998
300 ## - PHYSICAL DESCRIPTION
Extent 163გვ.19სმ.
653 ## - INDEX TERM--UNCONTROLLED
Uncontrolled term ოლიმპიზმი
942 ## - ADDED ENTRY ELEMENTS (KOHA)
Koha item type წიგნი
ეგზემპლარები
Withdrawn status Lost status Damaged status Not for loan Date acquired Barcode Date last seen Price effective from Koha item type
        2018-12-17 47063 2018-12-17 2018-12-17 წიგნი
        2018-12-17 47064 2018-12-17 2018-12-17 წიგნი
        2018-12-17 47065 2018-12-17 2018-12-17 წიგნი
        2018-12-17 47066 2018-12-17 2018-12-17 წიგნი
        2018-12-17 47067 2018-12-17 2018-12-17 წიგნი